[Event "Challenge"]
[Site "http://www.queenalice.com/game.php?id=748056"]
[Date "2010.3.18"]
[Round "-"]
[White "ljkhalil"]
[Black "claudius78"]
[Result "1-0"]
[WhiteElo "1843"]
[BlackElo "1100"]

1. e4 e5 2. Nf3 Nc6 3. Bb5 Nd4 4. Nxd4 exd4 5. O-O c6 6. Be2 d6 7. c3 dxc3 8.
Nxc3 Nf6 9. d4 h6 10. d5 c5 11. Re1 g5 12. e5 dxe5 13. Bb5+ Bd7 14. Rxe5+ Be7
15. d6 Bxb5 16. Nxb5 1-0

[Event "Let's Play Chess!"]
[Site "http://www.queenalice.com/game.php?id=749251"]
[Date "2010.3.21"]
[Round "-"]
[White "magalhaes_br"]
[Black "claudius78"]
[Result "0-1"]
[WhiteElo "1338"]
[BlackElo "1100"]

1. e4 e5 2. Nf3 Nc6 3. Bc4 h6 4. Nc3 Nf6 5. Ne2 Bc5 6. Ng3 g6 7. Qe2 g5 8. Nf5
Kf8 9. d3 d6 10. Be3 Bxe3 11. Qxe3 a6 12. c3 Bxf5 13. exf5 b5 14. Bb3 Ng4 15.
Qe2 Qf6 16. Qe4 Nxf2 17. Kxf2 d5 18. Qe3 Rd8 19. d4 Qxf5 20. Rac1 g4 21. Ke2
gxf3+ 22. gxf3 exd4 23. cxd4 Re8 24. Kd2 Rxe3 25. Kxe3 Qd7 26. Rcg1 Qe6+ 27. Kf2
Nxd4 28. Bd1 f5 29. b4 f4 30. Rg4 Qe3+ 31. Kg2 Rg8 32. h3 Qd2+ 33. Kg1 Qxd1+ 34.
Kh2 Nxf3+ 35. Kg2 Qe2# 0-1

[Event "SA3 - Game Speed #01"]
[Site "http://www.queenalice.com/game.php?id=749348"]
[Date "2010.3.21"]
[Round "-"]
[White "sa3ronaldo"]
[Black "claudius78"]
[Result "0-1"]
[WhiteElo "1036"]
[BlackElo "1180"]

1. e3 e5 2. Qf3 f6 3. g3 Nc6 4. h4 d5 5. Bg2 h6 6. Ne2 e4 7. Qh5+ Ke7 8. b3 Qd6
9. Nf4 Kd8 10. Ba3 Nb4 11. Bxb4 Qxb4 12. Ng6 Rh7 13. Qxd5+ Qd6 14. Qxg8 Bf5 15.
Nxf8 Ke7 16. O-O Rxf8 17. Qc4 c6 0-1

[Event "SA3 - Game Speed #03"]
[Site "http://www.queenalice.com/game.php?id=749352"]
[Date "2010.3.21"]
[Round "-"]
[White "sa3ronaldo"]
[Black "claudius78"]
[Result "0-1"]
[WhiteElo "1036"]
[BlackElo "1129"]

1. h4 d5 2. e3 h5 3. a4 a5 4. d4 Nf6 5. b3 Nc6 6. Bd3 Bg4 7. f3 Be6 8. c3 g6 9.
Ne2 Bh6 10. Qc2 b6 11. O-O g5 12. Bb5 Qd7 13. Na3 Bf5 14. Qd2 g4 15. f4 Ne4 0-1

[Event "Challenge"]
[Site "http://www.queenalice.com/game.php?id=755628"]
[Date "2010.4.3"]
[Round "-"]
[White "xambim"]
[Black "claudius78"]
[Result "0-1"]
[WhiteElo "1178"]
[BlackElo "1152"]

1. e4 e5 2. Nf3 Nc6 3. Bd3 Nf6 4. O-O d5 5. exd5 Nxd5 6. c4 Ndb4 7. Be4 Be6 8.
a3 Na6 9. Nc3 h6 10. b4 f5 11. Bxc6+ bxc6 12. Nxe5 Bd6 13. d4 Bxe5 14. Qh5+ Bf7
15. Qxf5 Bxd4 16. Qe4+ Kf8 17. Bb2 Bxc3 18. Bxc3 c5 19. Rad1 Qg5 20. Bd2 Qd8 21.
Bxh6 Qe8 22. Qg4 gxh6 23. Rfe1 Qc6 24. b5 Qb7 25. bxa6 Qxa6 26. Qf3 Re8 27. Rf1
Rg8 28. Rd7 Re7 29. Rfd1 Qe6 30. R7d5 Qe1+ 31. Rxe1 Rxe1# 0-1

[Event "Challenge"]
[Site "http://www.queenalice.com/game.php?id=759698"]
[Date "2010.4.11"]
[Round "-"]
[White "claudius78"]
[Black "attelmalagate"]
[Result "0-1"]
[WhiteElo "1152"]
[BlackElo "1600"]

1. e4 e5 2. Nc3 Nf6 3. Nf3 Nc6 4. Bc4 d6 5. Ng5 Ng4 6. Nxf7 Qf6 7. Qe2 Nd4 8.
Qf1 Nxc2+ 9. Kd1 Nxa1 10. f3 Be6 11. Bxe6 Qxe6 12. Nxh8 Nh6 13. Qb5+ c6 14. Qxb7
Qc8 15. Qxc8+ Rxc8 16. d3 g6 17. Rf1 Ng8 18. Bg5 Bg7 19. Nxg6 hxg6 20. Kd2 Rb8
21. Rxa1 Rxb2+ 22. Ke3 Rxg2 23. h3 d5 24. h4 d4# 0-1

[Event "NOVO JOGO III"]
[Site "http://www.queenalice.com/game.php?id=760129"]
[Date "2010.4.12"]
[Round "-"]
[White "rogeriooliveira"]
[Black "claudius78"]
[Result "0-1"]
[WhiteElo "1441"]
[BlackElo "1195"]

1. e4 e5 2. d4 exd4 3. Qxd4 Nc6 4. Qd5 h6 5. Bc4 Qe7 6. Nc3 Nf6 7. Qd3 Ng4 8.
Qe2 d6 9. f3 Nge5 10. f4 Nxc4 11. b3 Nb6 12. Nf3 f6 13. O-O a6 14. Re1 g6 15.
Be3 Bg4 16. Bxb6 cxb6 17. Rad1 h5 18. h3 Bxf3 19. Qxf3 Bg7 20. Rd2 O-O 21. g4 h4
22. Qg2 Qc7 23. Rd3 Nb4 24. a3 Nxd3 25. cxd3 Qxc3 26. Rb1 Qxd3 27. e5 Qxb1+ 28.
Kh2 dxe5 29. fxe5 fxe5 30. Qd5+ Kh7 31. a4 Qc2+ 32. Kg1 Qf2+ 33. Kh1 Qf1+ 34.
Kh2 Rf2+ 35. Qg2 Qxg2# 0-1

[Event "B XVI"]
[Site "http://www.queenalice.com/game.php?id=763588"]
[Date "2010.4.20"]
[Round "-"]
[White "rogeriooliveira"]
[Black "claudius78"]
[Result "1-0"]
[WhiteElo "1525"]
[BlackElo "1267"]

1. e4 e5 2. d4 exd4 3. Qxd4 Nc6 4. Qd5 Nf6 5. Qd3 Nb4 6. Qe2 d6 7. c3 Nc6 8. Bg5
Be7 9. Bxf6 Bxf6 10. Nf3 h6 11. Na3 g5 12. O-O-O g4 13. Nd2 h5 14. g3 a6 15. Bg2
b5 16. Nc2 Be6 17. f3 Bxa2 18. fxg4 Bb3 19. Nxb3 Rb8 20. Rde1 hxg4 21. Rhf1 Ne5
22. Rf2 Bg5+ 23. Kb1 Qd7 24. Ref1 Rf8 25. Ne3 c6 26. h3 Rb7 27. Nd2 gxh3 28. Bf3
Nxf3 29. Qxf3 f6 30. Qh5+ Kd8 31. Nf5 Bxd2 32. Rxd2 Qe6 33. Re2 a5 34. Qh6 Qg8
35. Nxd6 Rh7 36. Qf4 h2 37. Qf3 Qh8 38. Qg2 h1=Q 39. Rxh1 Rxh1+ 40. Ka2 Kd7 41.
Rd2 1-0

[Event "RAZOES E EMOÇOES XVIII"]
[Site "http://www.queenalice.com/game.php?id=764039"]
[Date "2010.4.21"]
[Round "-"]
[White "rogeriooliveira"]
[Black "claudius78"]
[Result "1-0"]
[WhiteElo "1491"]
[BlackElo "1253"]

1. e4 e5 2. d4 d5 3. dxe5 Be6 4. Nc3 c6 5. exd5 cxd5 6. Nf3 h6 7. Bb5+ Bd7 8.
Bxd7+ Qxd7 9. Nxd5 Nc6 10. O-O O-O-O 11. Be3 g5 12. Nf6 Nxf6 13. exf6 Qe6 14.
Qe2 a6 15. Nd4 Qxf6 16. Nxc6 Bd6 17. g3 bxc6 18. Rfe1 Kb7 19. Rad1 Qxb2 20. Ra1
Rhe8 21. Reb1 Qxb1+ 22. Rxb1+ Kc8 23. Qxa6+ Kd7 24. Rb7+ Ke6 25. Qxc6 Rc8 26.
Qd7+ Kd5 27. Rb5+ 1-0

[Event "Challenge"]
[Site "http://www.queenalice.com/game.php?id=791864"]
[Date "2010.6.18"]
[Round "-"]
[White "xambim"]
[Black "claudius78"]
[Result "0-1"]
[WhiteElo "1193"]
[BlackElo "1240"]

1. e4 e5 2. Bc4 Nf6 3. Nf3 d5 4. Bb5+ c6 5. Bd3 dxe4 6. Bxe4 Nxe4 7. Qe2 Bf5 8.
d3 Nc5 9. Nxe5 Ne6 10. O-O f6 11. Nf3 b5 12. h3 h5 13. Nc3 a6 14. b3 b4 15. Nd1
g5 16. Bb2 Bd6 17. Qe3 c5 18. Qe2 g4 19. Nh4 Nc6 20. Nxf5 Ne5 21. d4 cxd4 22.
Nxd4 gxh3 23. Nxe6 Qd7 24. Nf4 Qg4 25. Qxg4 hxg4 26. gxh3 gxh3 27. Nxh3 Rxh3 28.
a3 O-O-O 29. axb4 Rg8# 0-1

[Event "Let's Play Chess!"]
[Site "http://www.queenalice.com/game.php?id=851984"]
[Date "2010.10.29"]
[Round "-"]
[White "claudius78"]
[Black "PGeon"]
[Result "1-0"]
[WhiteElo "1319"]
[BlackElo "1646"]

1. e4 e5 2. Nc3 Nf6 3. Nf3 d6 4. Bc4 a6 5. Ng5 Be6 6. Nxe6 fxe6 7. d3 Nc6 8.
Bxe6 Qe7 9. Bh3 h6 10. a3 g5 11. Be3 Rg8 12. Bf5 g4 13. Nd5 Nxd5 14. Bd2 Nf6 15.
g3 h5 16. c3 Rh8 17. b4 Bh6 18. Bxh6 Rxh6 19. f3 h4 20. fxg4 hxg3 21. g5 g2 22.
Rg1 Rxh2 23. gxf6 Qxf6 24. Qg4 Ke7 25. O-O-O Qh6+ 26. Kb2 Qh5 27. Qxh5 Rxh5 28.
Rxg2 Rf8 29. Kb3 b5 30. Bg6 Rh4 31. a4 Rh6 32. Bf5 Rb8 33. a5 Rbh8 34. Rdg1 Nd8
35. Rg7+ Kf8 36. Rxc7 Rg8 37. Rxg8+ Kxg8 38. Rc8 1-0

[Event "Let's Play Chess!"]
[Site "http://www.queenalice.com/game.php?id=851986"]
[Date "2010.10.29"]
[Round "-"]
[White "Gil"]
[Black "claudius78"]
[Result "1-0"]
[WhiteElo "2125"]
[BlackElo "1359"]

1. d4 d5 2. Nf3 Nf6 3. e3 Nc6 4. c4 Bf5 5. Nc3 Nb4 6. Qa4+ Nc6 7. Ne5 dxc4 8.
Bxc4 e6 9. Nxc6 Qd7 10. Bb5 Qd6 11. Ne5+ c6 12. Nxc6 bxc6 13. Bxc6+ Nd7 14. Bxa8
f6 15. Qxa7 Kf7 16. Bf3 Be7 17. O-O h5 18. e4 Bh7 19. Bxh5+ g6 20. Be2 Bd8 21.
Rd1 Bb6 22. Qa3 Qc7 23. Nb5 Qc2 24. Bh6 Qxe2 25. Nd6+ Ke7 26. Nf5+ Kf7 27. Qe7+
Kg8 28. Qg7# 1-0

[Event "Let's Play Chess!"]
[Site "http://www.queenalice.com/game.php?id=851992"]
[Date "2010.10.29"]
[Round "-"]
[White "Gil"]
[Black "claudius78"]
[Result "1-0"]
[WhiteElo "2126"]
[BlackElo "1359"]

1. d4 d5 2. Nf3 Nf6 3. e3 Nc6 4. c4 g6 5. Nc3 Bf5 6. Nh4 Be4 7. f3 Bf5 8. Nxf5
gxf5 9. cxd5 Nxd5 10. Qb3 Nxc3 11. bxc3 e6 12. Qxb7 Na5 13. Qb5+ c6 14. Qa4 Qc7
15. c4 Be7 16. Bd2 O-O 17. Bxa5 Qd6 18. c5 Qd7 19. Be2 Kg7 20. Kf2 h5 21. Rab1
Kg6 22. f4 h4 23. Bf3 Rfc8 24. g3 hxg3+ 25. hxg3 a6 26. Bc3 Rg8 27. Bxc6 Qc8 28.
d5 Ra7 29. Qd1 Bf8 30. Qh5# 1-0

[Event "Challenge"]
[Site "http://www.queenalice.com/game.php?id=851994"]
[Date "2010.10.29"]
[Round "-"]
[White "Karpv"]
[Black "claudius78"]
[Result "1-0"]
[WhiteElo "1406"]
[BlackElo "1257"]

1. d4 d5 2. c4 Nf6 3. Nf3 dxc4 4. e3 b5 5. a4 Bd7 6. axb5 Bxb5 7. Na3 c6 8. Bd2
Ba6 9. Nxc4 Bxc4 10. Bxc4 e6 11. Ba5 Qd6 12. O-O h6 13. Qa4 Be7 14. Ne5 O-O 15.
Rfc1 Ne4 16. f3 Nd2 17. Bxd2 Bf6 18. Bb4 Qd8 19. Bxf8 Kxf8 20. Nxc6 Nxc6 21.
Qxc6 a5 22. Ba6 g6 23. Qxa8 Kg7 24. Qxd8 Bxd8 25. Rc8 Bb6 26. Kf2 h5 27. Rac1
Kf6 28. R1c6 1-0

[Event "Let's Play Chess!"]
[Site "http://www.queenalice.com/game.php?id=852113"]
[Date "2010.10.29"]
[Round "-"]
[White "claudius78"]
[Black "Admilton"]
[Result "1-0"]
[WhiteElo "1240"]
[BlackElo "1507"]

1. e4 e5 2. Nc3 a6 3. Nf3 d6 4. Bc4 b5 5. Bd5 c6 6. Bb3 b4 7. Ne2 Nf6 8. Ng5 Be6
9. Bxe6 fxe6 10. Nxe6 Qe7 11. Nxf8 Qxf8 12. d3 Ng4 13. f3 Nf6 14. b3 h6 15. h4
c5 16. g4 d5 17. exd5 Nxd5 18. Ng3 Nc3 19. Qd2 Qxf3 20. Rg1 Qxg4 21. h5 Nc6 22.
Qf2 Qd4 23. Be3 Qd6 24. Nf5 Qd7 25. Bxc5 Rc8 26. Nxg7+ Kd8 27. Bb6+ Ke7 28. Qh4+
Kd6 29. Rg6+ Kd5 30. Qh1+ e4 31. dxe4+ Nxe4 32. Rd1+ 1-0

[Event "Let's Play Chess!"]
[Site "http://www.queenalice.com/game.php?id=852114"]
[Date "2010.10.29"]
[Round "-"]
[White "Admilton"]
[Black "claudius78"]
[Result "0-1"]
[WhiteElo "1507"]
[BlackElo "1282"]

1. d4 d5 2. h3 f5 3. e3 Nf6 4. f3 Nc6 5. a3 g5 6. c4 b6 7. f4 gxf4 8. cxd5 Nxd5
9. Bb5 Qd6 10. Qc2 Bd7 11. e4 Ne3 12. Bxe3 fxe3 13. d5 Nd4 14. Bxd7+ Qxd7 15.
Qd1 c5 16. Qh5+ Kd8 17. exf5 Nc2+ 18. Kf1 Nxa1 19. Ke2 Qxd5 20. Rh2 Nb3 21. Nc3
Qd2+ 22. Kf3 Nd4+ 23. Ke4 Qc2+ 24. Kxe3 Nxf5+ 25. Kf4 Ng7 26. Qd5+ Ke8 27. Qxa8+
Kf7 28. Qd5+ Ne6+ 29. Kf3 Rg8 30. Qf5+ Qxf5+ 31. Ke2 Nd4+ 32. Ke1 Qe5+ 0-1

[Event "Let's Play Chess!"]
[Site "http://www.queenalice.com/game.php?id=930828"]
[Date "2011.4.27"]
[Round "-"]
[White "claudius78"]
[Black "preggo"]
[Result "0-1"]
[WhiteElo "1359"]
[BlackElo "1436"]

1. e4 d6 2. d4 Nf6 3. Nc3 Ng4 4. f3 Nf6 5. h3 Nh5 6. Nge2 Be6 7. g4 Nf6 8. g5
Nh5 9. d5 Bc8 10. h4 Nd7 11. b4 Ne5 12. Bg2 g6 13. Qd4 Bg7 14. f4 Nf3+ 15. Bxf3
Bxd4 16. Nxd4 a5 17. Bxh5 gxh5 18. bxa5 Rg8 19. f5 Rxa5 20. a3 f6 21. a4 e5 22.
Ne6 Bxe6 23. dxe6 Rc5 24. Bd2 Rc4 25. a5 Qa8 26. Kd1 fxg5 27. Nd5 Qa6 28. Nxc7+
Rxc7 29. c3 gxh4 30. Kc2 Rg3 31. f6 Qd3+ 32. Kd1 Rg2 33. Ra2 Rxc3 34. Re1 Qf3+
0-1